Paul Jang Quiz - Statistics

General Stats
  • This quiz has been taken 3 times
  • The average score is 10 of 15
Answer Stats
Hint Answer % Correct
What number is Paul ranked in the world in volleyball legends? (On 3 different accounts btw) 300
100%
What is his height? 5'7
100%
What is his height when he's standing on his money? 5'7
100%
What school does he attend? blair
100%
Easy question to start: What is Paul Jang's middle initial? H
100%
What do you see him snacking on almost every day at school? Mott's / protein bar
100%
What brand does Paul like the most? stussy
100%
What is his date of birth? 02052010
50%
What chair is he in band? 1
50%
Where did he attend middle school? Briggs Chaney
50%
What is his home school? paint branch
50%
Where is he from? South Korea
50%
What is his favorite game apart from volleyball legends? Volleyball Legends
50%
What is his favorite fast food place? Dave's Hot Chicken
0%
What is his brother's name? Joseph
0%
No matching quizzes found
Score Distribution
Percent of People with Each Score
Percentile by Number Answered
Your Score History
You have not taken this quiz